|
|
|
|
| LEADER |
00844nam a2200229 a 4500 |
| 001 |
13117492 |
| 008 |
310112s2004 maua 001 0 eng d |
| 010 |
|
|
|a 2003005449
|
| 020 |
|
|
|a 0072509775 (hard copy : acid-free paper)
|
| 040 |
|
|
|a DLC
|c DLC
|d DLC
|d BD-DhAAL
|
| 082 |
0 |
0 |
|a 530
|2 21
|
| 100 |
1 |
|
|a Griffith, W. Thomas.
|
| 245 |
1 |
4 |
|a The physics of everyday phenomena :
|b a conceptual introduction to physics /
|c W. Thomas Griffith.
|
| 250 |
|
|
|a 4th ed.
|
| 260 |
|
|
|a Boston :
|b McGraw-Hill,
|c c2004.
|
| 300 |
|
|
|a xx, 501 p. :
|b ill. (some col.) ;
|c 28 cm.
|
| 500 |
|
|
|a Includes index.
|
| 541 |
1 |
|
|e 00017511
|
| 650 |
|
0 |
|a Physics.
|
| 852 |
1 |
|
|a Ayesha Abed library
|c General Shelf
|
| 999 |
|
|
|c 11827
|d 11827
|
| 952 |
|
|
|0 0
|1 0
|2 ddc
|4 0
|6 530_GRI
|7 0
|9 19332
|a BRACUL
|b BRACUL
|c GEN
|d 2012-01-31
|l 18
|m 200
|o 530 GRI
|p 3010017511
|r 2026-04-27
|s 2025-11-16
|t 1
|w 2012-01-31
|y BK
|